000 01102cam a2200325 4500
999 _c24187
_d24187
001 vtls012133667
005 20260506102347.0
008 220504s2022 xo g 000 f slo
020 _a9788055183237
_q(viazané)
040 _aTTKJF
_bslo
_cTTKJF
_dSNK
_erda
041 1 _aslo
_hita
044 _axo
_cSK
072 7 _a821.131.1-3
_xTalianska próza
_2konspekt
080 _a821.131.1-31
_22011
100 1 _aCognetti, Paolo,
_d1978-
_4aut
_95519
240 1 3 _aLa felicità del lupo
_lSlovensky
245 1 0 _aVlčie šťastie
_cPaolo Cognetti ; preložil František Hruška
264 1 _aBratislava
_bIkar, a.s. - Odeon
_c2022
300 _a181 strán
_c21 cm
336 _atext
_btxt
_2rdacontent
337 _abez média
_bn
_2rdamedia
338 _azväzok
_bnc
_2rdacarrier
500 _aObsahuje stručné biografické údaje o autorovi na záložke prebalu publikácie
500 _aPreložené z taliančiny
655 7 _atalianske romány
_2SNKPH
_94421
655 7 _aItalian fiction
_2SNKPHeng
_94422
700 1 _aHruška, František,
_d1944-
_4trl
_95524
958 _aLX
958 _aUP